<?xml version="1.0" encoding="UTF-8"?>
<record
    xmlns:xsi="http://www.w3.org/2001/XMLSchema-instance"
    xsi:schemaLocation="http://www.loc.gov/MARC21/slim http://www.loc.gov/standards/marcxml/schema/MARC21slim.xsd"
    xmlns="http://www.loc.gov/MARC21/slim">

  <leader>01615nam a22002057a 4500</leader>
  <controlfield tag="005">20220411125341.0</controlfield>
  <controlfield tag="008">220406b           ||||| |||| 00| 0 eng d</controlfield>
  <datafield tag="020" ind1=" " ind2=" ">
    <subfield code="a">9789392099120</subfield>
  </datafield>
  <datafield tag="040" ind1=" " ind2=" ">
    <subfield code="c">AL</subfield>
  </datafield>
  <datafield tag="041" ind1=" " ind2=" ">
    <subfield code="a">eng</subfield>
  </datafield>
  <datafield tag="082" ind1=" " ind2=" ">
    <subfield code="2">23</subfield>
    <subfield code="a">636.8</subfield>
    <subfield code="b">ROYC</subfield>
  </datafield>
  <datafield tag="100" ind1=" " ind2=" ">
    <subfield code="a">Devapriya Roy</subfield>
    <subfield code="9">27928</subfield>
  </datafield>
  <datafield tag="245" ind1=" " ind2=" ">
    <subfield code="a">Cat people</subfield>
  </datafield>
  <datafield tag="260" ind1=" " ind2=" ">
    <subfield code="a">London</subfield>
    <subfield code="b">Simon &amp; Schuster</subfield>
    <subfield code="c">2021</subfield>
  </datafield>
  <datafield tag="300" ind1=" " ind2=" ">
    <subfield code="a">282p.</subfield>
    <subfield code="b">PB</subfield>
    <subfield code="c">18.5x14cm.</subfield>
  </datafield>
  <datafield tag="365" ind1=" " ind2=" ">
    <subfield code="2">General</subfield>
    <subfield code="a">6320</subfield>
    <subfield code="b">&#x20B9;389.22</subfield>
    <subfield code="c">&#x20B9;</subfield>
    <subfield code="d">&#x20B9;499.00</subfield>
    <subfield code="e">22%</subfield>
    <subfield code="f">8-3-2022</subfield>
  </datafield>
  <datafield tag="520" ind1=" " ind2=" ">
    <subfield code="a">In Karachi, a writer house-sits for her father and his cat, while keeping track of his - the cat&#x2019;s - list of obsessions: ironed white sheets, kheer, KFC fries, warm custard, finely chopped sausages, and the flaky tops of chicken patties. In San Francisco, a couple adopt a cat, without anticipating what it will do to their relationship. In Noida, a cat and two dogs line up peacefully every morning for their daily dose of vitamin syrup. In Bombay, a lyricist and screenwriter roots through the litter tray first thing in the morning, to investigate if his cat&#x2019;s UTI is better. In wintry London, a young millennial wonders if she is actually a cat. Capturing the many moods of felines and their humans, in many forms and voices, Cat People, is a timely celebration of the most memes creature today: the cat. This collection of short stories, personal essays, lists, original art and photographs is are a treat, not just for cat lovers everywhere, but for all who love a story well-told &#x2013; and, on occasion, a theory well-spun.</subfield>
  </datafield>
  <datafield tag="650" ind1=" " ind2=" ">
    <subfield code="2">Technology and Application of Knowledge</subfield>
    <subfield code="a">Domestic Animals</subfield>
    <subfield code="9">27929</subfield>
  </datafield>
  <datafield tag="942" ind1=" " ind2=" ">
    <subfield code="2">ddc</subfield>
    <subfield code="c">BK</subfield>
  </datafield>
  <datafield tag="999" ind1=" " ind2=" ">
    <subfield code="c">222218</subfield>
    <subfield code="d">222218</subfield>
  </datafield>
  <datafield tag="952" ind1=" " ind2=" ">
    <subfield code="0">0</subfield>
    <subfield code="1">0</subfield>
    <subfield code="2">ddc</subfield>
    <subfield code="4">0</subfield>
    <subfield code="7">0</subfield>
    <subfield code="8">MAENG</subfield>
    <subfield code="a">SACPG</subfield>
    <subfield code="b">SACPG</subfield>
    <subfield code="d">2022-03-11</subfield>
    <subfield code="e">Biblios Book Point</subfield>
    <subfield code="g">389.22</subfield>
    <subfield code="l">1</subfield>
    <subfield code="o">636.8 ROYC</subfield>
    <subfield code="p">PG023839</subfield>
    <subfield code="r">2022-08-24 00:00:00</subfield>
    <subfield code="s">2022-04-12</subfield>
    <subfield code="v">499.00</subfield>
    <subfield code="y">BK</subfield>
  </datafield>
</record>
